MARC

LEADER 00000nam0a2200000 4500
001 672508
005 20240515144724.0
035 |a (RuTPU)RU\TPU\retro\2301 
090 |a 672508 
100 |a 20240515d1957 k||y0rusy50 ca 
101 0 |a rus 
102 |a KZ 
105 |a a z 001zy 
181 0 |a i   |b  e  
182 0 |a n 
183 0 |a nc  |2 RDAcarrier 
200 1 |a Физико-химические и технологические исследования химического сырья Казахстана  |f Академия наук Казахской ССР (АН КазССР), Институт химических наук; под ред. А. Б. Бектурова 
203 |a Текст  |b визуальный  |c непосредственный 
210 |a Алма-Ата  |c Изд-во АН Казахской ССР  |d 1957 
215 |a 95 с.  |c ил. 
225 1 |a Труды института химических наук  |v Т. 1 
283 |a volume  |2 RDAcarrier 
320 |a Библиогр. в конце ст. 
512 1 |a Труды института химических наук  |z rus 
606 1 |a Химическая технология  |x Научно-исследовательская работа  |x Управление  |2 stltpush  |3 (RuTPU)RU\TPU\subj\21014  |9 53875 
610 1 |a химическое сырье 
610 1 |a Казахстан 
610 1 |a химический состав 
610 1 |a гидрохимический режим 
610 1 |a фосфаты 
610 1 |a фосфориты 
610 1 |a растворимость 
610 1 |a физико-химический исследования 
610 1 |a технологические исследования 
675 |a 66:001.891  |v 4 
702 1 |4 340  |a Бектуров  |b А. Б. 
712 0 2 |a Академия наук Казахской ССР  |b Институт химических наук  |3 (RuTPU)RU\TPU\col\11297  |9 25024 
801 1 |a RU  |b 63413507  |c 20240515 
801 2 |a RU  |b 63413507  |c 20181224  |g RCR 
942 |c CR